000 00892nam a22002537a 4500
003 BPGM
005 20260619220435.0
008 260619b mx ||||| |||| 00| 0 spa d
020 _a978-607-7619-06-2
040 _aBPGM
_bspa
041 _aspa
_hspa
082 0 4 _2CQ/868M
_aCH38
100 _aCHAVEZ, FLORENTINO
245 _aTIEMPO ESTETA Y LAS FLORECILLAS DEL TRÉBOL
300 _a38 paginas
_c22.5 cm x 10.3 cm
336 _2rdacontent
_atexto
_btxt
337 _2rdamedia
_asin mediación
_bn
338 _2rdacarrier
_avolumen
_bnc
505 _aEL TIEMPO ESTETA Y LAS FLORECILLAS DEL TRÉBOL ES UNA OBRA POETICA Y NARRATIVA QUE REFLEXIONA SOBRE CÓMO EL TIEMPO MODIFICA LA VIDA, LOS RECUERDOS Y LOS ESPACIOS QUE HABITAMOS.
650 _aLITERATURA Y RETÓRICA
650 _aLITERATURAS ESPAÑOLA Y PORTUGUESA
650 _aESCRITOS VARIOS ESPAÑOLES
942 _2ddc
_cCOLQ
999 _c68656
_d68656